000 00297nam a22001337a 4500
008 170405b xxu||||| |||| 00| 0 eng d
020 _a0891181164
041 _aeng
080 _a574
100 _a9
101 _ashm
245 _aSOIL SPECIFIC CROP MANAGMENT
_cLARSON,.W.E
942 _2udc
_cBK
999 _c9777
_d9777